Statistics for Mermaids

Click here to take the quiz!

General Stats

  • This quiz has been taken 144 times
    (139 since last reset)
  • The average score is 6 of 8

Answer Stats

HintAnswer% Correct
Do mermaids exsistyes
98%
Are sirens good or evilevil
95%
Are fish friends or foodfriends
90%
What element can mermaids control, heat and freezewater
76%
what are evil mermaids calledsirens
70%
Do mermaids live in under water cites or on their ownunder water cities
60%
Do mermaids swim in fresh or salty waterboth
56%
How long dose it take for mermaids to pop their tail when they touch water10 seconds
44%

Score Distribution

Percentile by Number Answered

Percent of People with Each Score

Your Score History

You have not taken this quiz since the last reset